Proces udělování certifikátu systému managerství kvality v konkrétním podniku, jeho přínosy a nedostatky

Postup certifikácie v spoločnosti a systémy manažérstva kvality v stredne veľkom podniku. Etapy a priebeh samotnej certifikácie. Návrhy na rozvoj systému manažérstva kvality v spoločnosti a možnosti odstránenia nedostatkov.

Guardado en:
Detalles Bibliográficos
Autor principal: Oško, Pavol
Formato: Capítulo de libro
Lenguaje:eslovaco
Materias:
Etiquetas: Agregar Etiqueta
Sin Etiquetas, Sea el primero en etiquetar este registro!

MARC

LEADER 00000nla$a2200000$$$4500
001 0148305
005 20240502083341.4
041 0 |a slo 
044 |a CZ 
245 1 0 |a Proces udělování certifikátu systému managerství kvality v konkrétním podniku, jeho přínosy a nedostatky  |c Pavol Oško 
520 |a Postup certifikácie v spoločnosti a systémy manažérstva kvality v stredne veľkom podniku. Etapy a priebeh samotnej certifikácie. Návrhy na rozvoj systému manažérstva kvality v spoločnosti a možnosti odstránenia nedostatkov. 
610 2 0 |a manažment 
610 2 0 |a riadenie kvality 
610 2 0 |a systémy kvality 
610 2 0 |a systém riadenia kvality 
610 2 0 |a normy kvality 
610 2 0 |a normy ISO 
610 2 0 |a certifikácia 
610 2 0 |a certifikáty 
100 1 |a Oško, Pavol